00314 a2200109 4500001001000000005001700010008004100027245002100068100002100089700002500110773006900135ART_2578920260410161601.0260409a 10aLavado de dinero1 aWainstein, Mario1 adel Castillo, Daniel0 tProfesional & Empresariag- Año VII, Nº 76 (ene. 2006)wREV70